| 000 | 00774nam a22002657a 4500 | ||
|---|---|---|---|
| 003 | CHAP | ||
| 005 | 20220329134915.0 | ||
| 008 | 971013s r 00010 d | ||
| 010 | _a27852 | ||
| 011 | _a28824 | ||
| 035 | _a32935 | ||
| 040 | _cCHAP | ||
| 090 | _aR-1537 | ||
| 100 | 0 | 0 |
_aKirbach, E. _963325 |
| 245 | _aCutling unseasoned western red cedar with titanium carbide-coated, carbide-tipped | ||
| 500 | _aSobretiro de : Proc. 5, Wood Machining Seminar. 1977. pp. 15-32 | ||
| 590 |
_aBATCH-UPD _b10 _c20130110 _lUCH01 _h1440 |
||
| 590 |
_aCONVERSION _b10 _c20130109 _lUCH01 _h1316 |
||
| 650 | 1 | 4 |
_aCedro. _920857 |
| 650 | 1 | 4 |
_aSierras. _9105875 |
| 700 | 0 |
_aBonac, T. _913635 |
|
| 901 | _aBK | ||
| 942 | _cREIMP | ||
| 949 |
_aR-1537 _bBC _cR _d-76663 _eTS1 _i32935 _si |
||
| 999 |
_c27852 _d27852 |
||